| 000 | 00633nam a2200241Ia 4500 | ||
|---|---|---|---|
| 005 | 20251020182506.0 | ||
| 008 | 200515s9999 xx 000 0 und d | ||
| 020 | _a958-8060-13-3 | ||
| 082 | _a628.173/R81 | ||
| 100 | _aRomero Rojas, Jairo Alberto | ||
| 245 | 0 | _aTratamiento de aguas residuales : Teoría y principios de diseño | |
| 250 | _a3a ed. | ||
| 260 | _aBogotá, D.C. | ||
| 260 | _bEditorial Escuela Colombiana de Ingeniería | ||
| 260 | _c2004 | ||
| 300 | _a1248 p. | ||
| 300 | _bil., tbl., graf. | ||
| 500 | _a1 ejemplar | ||
| 650 | _aAGUA | ||
| 650 | _aAGUAS RESIDUALES | ||
| 942 | _cLIB | ||
| 999 |
_c1288 _d1288 |
||